000 00294nam a22001337a 4500
008 170925b xxu||||| |||| 00| 0 eng d
020 _a085044014954
041 _aeng
080 _a37
100 _a46
101 _aEDU
245 _aMASTER THE ACT ASSESMENT 2005
_cTHOMSON
942 _2udc
_cBK
999 _c29468
_d29468